player from every country in Europa. - Statistics

General Stats
  • This quiz has been taken 27 times
  • The average score is 36 of 47
Answer Stats
Hint Answer % Correct
Theodoros Zagorakis greece
95%
luka modric croatia
91%
thomas muller germany
91%
hagi romania
91%
arda guler turkey
91%
Andriy Shevchenko ukraine
91%
wane rooney england
86%
zinedine zidane france
86%
puskas hungary
86%
del piero italy
86%
erling haaland norway
86%
robert lewandowski poland
86%
lev yashin russia
86%
jan oblak slovenia
86%
lamine yamal spain
86%
yann sommer switzerland
86%
paul nedved czechia
82%
robbie keane ireland
82%
Vedat Muriqi kosovo
82%
eusebio portugal
82%
Marek Hamšík slovakia
82%
zlatan ibrahimovic sweden
82%
david alaba austria
77%
edin Džeko bosnia
77%
barbatov bulgaria
77%
Peter Schmeichel denmark
77%
marco van basten netherlands
77%
goran pandev north-macedonia
77%
gareth bale wales
77%
romeru lukaku belgium
73%
jari litmanen finland
73%
george best northern ireland
73%
kenny dalglish scottland
73%
Sergey Aleinikov belarus
68%
Māris Verpakovskis latvia
68%
Dejan Savićević montenegro
68%
Ragnar Klavan estonia
64%
Eidur Gudjohnsen iceland
64%
Arvydas Sabonis lithuania
64%
Massimo Bonini san marino
64%
Panajot Pano albania
59%
louis pilot luxembourg
59%
Óscar Sonejee andorra
55%
rainer hasler liechtenstein
55%
Jean-Luc Ettori monaco
50%
Carmel Busuttil malta
45%
ppio gaddi vatican city
32%
No matching quizzes found
Score Distribution
Percent of People with Each Score
Percentile by Number Answered
Your Score History
You have not taken this quiz